Multi-Category Letter Board V Quiz Stats

 Plays Quiz Updated Sep 25, 2017

Score 0/26 Timer 06:00
2 Plays Today
% Correct
Rudolph
96.5%
Wales
91.5%
Kitchen
91.4%
England
91.1%
Prancer
90.4%
Blitzen
89.8%
Huey
85.1%
Dewey
83.1%
Louie
82.5%
Northern Ireland
79.6%
Jurassic
78.9%
French Hens
73.7%
Xenon
73.3%
% Correct
Maids-a-Milking
73.1%
Study
66.5%
Calling Birds
62.6%
Vancouver
57.8%
Oslo
54.6%
Triassic
46.8%
Guanine
40.5%
Yttrium
34.1%
Zirconium
33.2%
Adenine
30.8%
Innsbruck
27.3%
Uracil
20.8%
Quaternary
11.1%

You're not logged in!

Compare scores with friends on all Sporcle quizzes.
OR
Log In

You Might Also Like...

Show Comments

Extras

Top Quizzes Today


Score Distribution

Your Account Isn't Verified!

In order to create a playlist on Sporcle, you need to verify the email address you used during registration. Go to your Sporcle Settings to finish the process.

Report this User

Report this user for behavior that violates our Community Guidelines.

Details: